000 00398nam a2200181Ia 4500
008 210210b1949 xxu||||| |||| 00| 0 eng d
041 _aeng
082 _a513/23
100 _aBOYER (B Carl)
245 _aConcept of the calculus
260 _aMassachusetts
_b-
_c1949
650 _athe
650 _aof
650 _aConcept
650 _acalculus
690 _aCalculus
906 _a007303
999 _c139722
_d139722